| 000 | 01506cam a22003015a 4500 | ||
|---|---|---|---|
| 999 |
_c21182 _d21154 |
||
| 001 | 016556407 | ||
| 003 | OSt | ||
| 005 | 20181115110550.0 | ||
| 008 | 131202t2014 enka frb 001 0 eng d | ||
| 020 | _a9781292027555 (paperback) | ||
| 020 | _a129202755X (paperback) | ||
| 040 |
_aUk _beng _cUk _dEG-ScBUE _dEG-ScBUE |
||
| 082 | 0 | 4 |
_a306 _bSCU _222 |
| 100 | 1 |
_aScupin, Raymond. _939378 |
|
| 245 | 1 | 0 |
_aCultural anthropology : _ba global perspective / _cRaymond Scupin. |
| 250 | _a8th ed., Pearson new international ed. | ||
| 260 |
_aHarlow : _bPearson Education Limited, _cc.2014. |
||
| 300 |
_aii, 472 p. : _bill. ; _c28 cm. |
||
| 500 | _aIncludes student access code : Mylabs. | ||
| 504 | _aIncludes bibliographical references and index. | ||
| 505 | 0 | _aGlossaryChapter 1 Intro to AnthropologyChapter 2 Human EvolutionChapter 3 CultureChapter 4 Process of EnculturationChapter 5 LanguageChapter 6 Anthropological ExplanationsChapter 7 Analyzing Socio SystemsChapter 8 Band SocietiesChapter 9 TribesChapter 10 ChiefdomsChapter 11 Agricultural StatesChapter 12 Industrial StatesChapter 13 Indigenous SocietiesChapter 14 Globalization in Latin America, Africa & Carribean Chapter 15 Globalization in Middle East and AsiaChapter 16 Race and EthnicityChapter 17 Applied TechnologyChapter 18 Contemporary Global Trends | |
| 650 | 7 |
_aEthnology. _2BUEsh _927833 |
|
| 651 | _2BUEsh | ||
| 653 |
_bBUSADM _cFebruary2016 _cNovember2018 |
||
| 653 |
_bNNUR _cNovember2016 |
||
| 655 | _vText book | ||
| 942 | _2ddc | ||